Papel de las mujeres sabedoras zenú de la medicina tradicional en el norte del departamento de Bolívar / (Registro nro. 6061)
[ vista simple ]
| 000 -LEADER | |
|---|---|
| fixed length control field | 02087nam a2200241 4500 |
| 005 - DATE AND TIME OF LATEST TRANSACTION | |
| control field | 20250329165511.0 |
| 008 - FIXED-LENGTH DATA ELEMENTS--GENERAL INFORMATION | |
| fixed length control field | 190415s2023 000 0 eng d |
| 040 ## - CATALOGING SOURCE | |
| Original cataloging agency | CO-CtgCURN |
| Language of cataloging | spa |
| Transcribing agency | coctgcurn |
| 082 0# - DEWEY DECIMAL CLASSIFICATION NUMBER | |
| Classification number | TSO 2023 |
| Item number | B687 |
| 100 1# - MAIN ENTRY--PERSONAL NAME | |
| Personal name | Bolaños Pérez, Keyla Patricia. |
| 245 10 - TITLE STATEMENT | |
| Title | Papel de las mujeres sabedoras zenú de la medicina tradicional en el norte del departamento de Bolívar / |
| Statement of responsibility, etc. | Keyla Patricia Bolaños Pérez; Melani García Caballero; Saray Carolina Miranda Rodríguez; director: Deni Luz Beltrán Pájaro. |
| 260 ## - PUBLICATION, DISTRIBUTION, ETC. | |
| Place of publication, distribution, etc. | Cartagena de Indias : |
| Name of publisher, distributor, etc. | Corporación Universitaria Rafael Núñez, |
| Date of publication, distribution, etc. | 2023. |
| 300 ## - PHYSICAL DESCRIPTION | |
| Extent | 135 hojas. |
| 504 ## - BIBLIOGRAPHY, ETC. NOTE | |
| Bibliography, etc. note | Trabajo de grado (Trabajo social). Corporación Universitaria Rafael Nuñez. Facultad de Ciencias sociales y humanas. Trabajo social, 2023. |
| 520 ## - SUMMARY, ETC. | |
| Summary, etc. | "El objetivo de esta investigación es analizar el papel de las mujeres sabedoras zenú de la medicina tradicional en el norte del departamento de Bolívar, considerando la gran importancia que tiene este colectivo indígena dentro de sus comunidades. Debido a lo cual, para la elaboración del diseño metodológico se partió del enfoque cualitativo-descriptivo desde un tipo de estudio etnográfico, utilizando como técnicas e instrumentos de recolección de datos la observación, revisión documental, así como una entrevista semiestructurada con guía de preguntas abiertas, con el propósito de comprender las realidades de cinco sabedoras nativas de los Cabildos Indígenas Zenú de Gambote y Bayunca, logrando de nuestra parte un acompañamiento como estudiantes investigadoras." |
| 650 #0 - SUBJECT ADDED ENTRY--TOPICAL TERM | |
| Topical term or geographic name entry element | Trabajo social |
| Form subdivision | Tesis y disertaciones academicas. |
| 700 1# - ADDED ENTRY--PERSONAL NAME | |
| Personal name | García Caballero, Melani. |
| 700 1# - ADDED ENTRY--PERSONAL NAME | |
| Personal name | Miranda Rodríguez, Saray Carolina. |
| 700 1# - ADDED ENTRY--PERSONAL NAME | |
| Personal name | Beltrán Pájaro, Deni Luz, |
| Relator term | directora. |
| 856 ## - ELECTRONIC LOCATION AND ACCESS | |
| Uniform Resource Identifier | <a href="https://unicurn.sharepoint.com/:b:/s/biblioteca/EUT3aP9cd7tCi6K-Y5cPC8wBWVtsGbB2pJRDKYYx8HG5sQ?e=opzjqe">https://unicurn.sharepoint.com/:b:/s/biblioteca/EUT3aP9cd7tCi6K-Y5cPC8wBWVtsGbB2pJRDKYYx8HG5sQ?e=opzjqe</a> |
| Public note | Consulte aqui el texto completo |
| 942 ## - ADDED ENTRY ELEMENTS (KOHA) | |
| Source of classification or shelving scheme | Dewey Decimal Classification |
| Koha item type | Trabajos de grado |
| Classification part | TSO 2023 |
| Item part | B687 |
| Withdrawn status | Lost status | Source of classification or shelving scheme | Damaged status | Not for loan | Collection | Home library | Current library | Shelving location | Date acquired | Source of acquisition | Cost, normal purchase price | Total checkouts | Full call number | Barcode | Date last seen | Price effective from | Koha item type |
|---|---|---|---|---|---|---|---|---|---|---|---|---|---|---|---|---|---|
| Dewey Decimal Classification | Trabajos de grado | Miguel Henríquez Castañeda | Miguel Henríquez Castañeda | Trabajo de grado | 06/01/2019 | El autor | 350000.00 | TSO 2023 B687 | 020438 | 06/20/2019 | 06/20/2019 | Trabajos de grado |